Sports Quiz

Random Sports or NCAA Quiz

NCAA Women's College World Series Champions Quiz Stats

 Plays Quiz Updated Jul 1, 2021

Support Sporcle.
Go Orange.
Score 0/39 Timer 05:00
1 Play Today
Year Schools % Correct
2014Florida
91.7%
2019UCLA
90.4%
2021Oklahoma
89.4%
2015Florida
88.8%
1982UCLA
88.5%
1984UCLA
88.5%
1985UCLA
88.5%
1988UCLA
88.5%
1989UCLA
88.5%
1990UCLA
88.5%
1992UCLA
88.5%
1995UCLA
88.5%
1999UCLA
88.5%
2003UCLA
88.5%
2004UCLA
88.5%
2010UCLA
88.5%
2017Oklahoma
81.8%
2001Arizona
81.3%
2006Arizona
81.3%
2007Arizona
81.3%
Year Schools % Correct
1991Arizona
81.2%
1993Arizona
81.2%
1994Arizona
81.2%
1996Arizona
81.2%
1997Arizona
81.2%
2013Oklahoma
81.2%
2016Oklahoma
80.8%
2000Oklahoma
80.5%
2012Alabama
79.6%
2011Arizona State
73%
2008Arizona State
72.9%
2002California
69.4%
2005Michigan
68.6%
2009Washington
68.1%
1987Texas A&M
54.3%
1983Texas A&M
54.3%
2018Florida State
46.8%
1998Fresno State
20.7%
1986Cal State Fullerton
18.3%

From the Vault

Click the Missing US President

by khands

History 4m
Someone should probably alert the Secret Service.
Remove Ads.
Support Sporcle.
Get the best of Sporcle when you Go Orange. This ad-free experience offers more features, more stats, and more fun while also helping to support Sporcle. Thank you for becoming a member.

Show Comments

Extras

Top Quizzes Today


Score Distribution

Your Account Isn't Verified!

In order to create a playlist on Sporcle, you need to verify the email address you used during registration. Go to your Sporcle Settings to finish the process.

Report this User

Report this user for behavior that violates our Community Guidelines.

Details: